22 Ways Not to Watch Your 'Tone' Quiz Stats

 Plays Quiz Updated Mar 20, 2019

Score 0/22 Timer 01:30
2 Plays Today
% Correct
Bone
97.4%
Cone
96.7%
Lone
95.3%
Done
94.8%
Tine
94.4%
Gone
93.8%
Hone
93.6%
Tune
91.9%
None
91.8%
Pone
88.1%
Tyne
84.8%
% Correct
Zone
82.4%
Sone
81.3%
Tome
79.5%
Tole
77.4%
Tore
77.4%
Tope
73.9%
Tote
68.1%
Toke
62.3%
Tons
57.2%
Tony
55.6%
Tong
52.8%

You're not logged in!

Compare scores with friends on all Sporcle quizzes.
OR
Log In

Show Comments

Extras

Top Quizzes Today


Score Distribution

Your Account Isn't Verified!

In order to create a playlist on Sporcle, you need to verify the email address you used during registration. Go to your Sporcle Settings to finish the process.

Report this User

Report this user for behavior that violates our Community Guidelines.

Details: